10 highest mountains of the Alps - Statistics

General Stats
  • This quiz has been taken 333 times
  • The average score is 4 of 10
Answer Stats
Hint Altitude Country Answer % Correct
1 4 809 m FR / IT Mont Blanc
96%
7 4 478 m CH / IT Matterhorn
91%
2 4 634 m CH / IT Monte Rosa
72%
3 4 545 m CH Dom
31%
5 4 505 m CH Weisshorn
30%
10 4 314 m CH Grand Combin
21%
8 4 357 m CH Dent Blanche
19%
4 4 527 m CH / IT Lyskamm
19%
6 4 491 m CH Täschhorn
13%
9 4 327 m CH Nadelhorn
9%
No matching quizzes found
Score Distribution
Percent of People with Each Score
Percentile by Number Answered
Your Score History
You have not taken this quiz